|
|
|
|
| LEADER |
00000cam a22000004a 4500 |
| 001 |
musev2_22019 |
| 003 |
MdBmJHUP |
| 005 |
20230905042339.0 |
| 006 |
m o d |
| 007 |
cr||||||||nn|n |
| 008 |
101018s2010 txu o 00 0 eng d |
| 020 |
|
|
|a 9781603442541
|
| 020 |
|
|
|z 1603442545
|
| 020 |
|
|
|z 9781603442039
|
| 035 |
|
|
|a (OCoLC)670419432
|
| 040 |
|
|
|a MdBmJHUP
|c MdBmJHUP
|
| 100 |
1 |
|
|a Daynes, Byron W.
|
| 245 |
1 |
0 |
|a White House Politics and the Environment :
|b Franklin D. Roosevelt to George W. Bush /
|c Byron W. Daynes and Glen Sussman.
|
| 250 |
|
|
|a 1st ed.
|
| 264 |
|
1 |
|a College Station :
|b Texas A & M University Press,
|c 2010.
|
| 264 |
|
3 |
|a Baltimore, Md. :
|b Project MUSE,
|c 2014
|
| 264 |
|
4 |
|c ©2010.
|
| 300 |
|
|
|a 1 online resource (320 pages):
|b illustrations
|
| 336 |
|
|
|a text
|b txt
|2 rdacontent
|
| 337 |
|
|
|a computer
|b c
|2 rdamedia
|
| 338 |
|
|
|a online resource
|b cr
|2 rdacarrier
|
| 490 |
0 |
|
|a Joseph V. Hughes, Jr., and Holly O. Hughes series in the presidency and leadership
|
| 505 |
0 |
|
|a Introduction: The modern presidency and the environment -- Presidents having a positive impact on the environment. Franklin D. Roosevelt and Harry S. Truman -- John F. Kennedy and Lyndon B. Johnson -- Richard Nixon -- Jimmy Carter -- Bill Clinton -- Presidents having a mixed impact on the environment. Dwight D. Eisenhower -- Gerald Ford -- George H.W. Bush -- Presidents having a negative impact on the environment. Ronald Reagan -- George W. Bush -- Conclusion: Comparing the modern presidents' environmental policies.
|
| 520 |
|
|
|a Presidents and their administrations since the 1960s have become increasingly active in environmental politics, despite their touted lack of expertise and their apparent frequent discomfort with the issue. In White House Politics and the Environment: Franklin D. Roosevelt to George W. Bush, Byron W. Daynes and Glen Sussman study the multitude of resources presidents can use in their attempts to set the public agenda. They also provide a framework for considering the environmental direction and impact of U.S. presidents during the last seven decades, permitting an asse.
|
| 588 |
|
|
|a Description based on print version record.
|
| 650 |
|
7 |
|a Presidents.
|2 fast
|0 (OCoLC)fst01075723
|
| 650 |
|
7 |
|a Politics and government
|2 fast
|0 (OCoLC)fst01919741
|
| 650 |
|
7 |
|a Political leadership.
|2 fast
|0 (OCoLC)fst01069363
|
| 650 |
|
7 |
|a Political culture.
|2 fast
|0 (OCoLC)fst01069263
|
| 650 |
|
7 |
|a Environmental policy
|x Decision making.
|2 fast
|0 (OCoLC)fst00913267
|
| 650 |
|
7 |
|a Environmental management
|x Political aspects.
|2 fast
|0 (OCoLC)fst00913200
|
| 650 |
|
7 |
|a NATURE
|x Natural Resources.
|2 bisacsh
|
| 650 |
|
7 |
|a BUSINESS & ECONOMICS
|x Green Business.
|2 bisacsh
|
| 650 |
|
7 |
|a BUSINESS & ECONOMICS
|x Environmental Economics.
|2 bisacsh
|
| 650 |
|
6 |
|a Environnement
|x Politique gouvernementale
|z États-Unis
|x Prise de decision
|v Études de cas.
|
| 650 |
|
6 |
|a Environnement
|x Gestion
|x Aspect politique
|z États-Unis
|v Études de cas.
|
| 650 |
|
6 |
|a Presidents
|z États-Unis
|v Études de cas.
|
| 650 |
|
0 |
|a Political culture
|z United States
|v Case studies.
|
| 650 |
|
0 |
|a Political leadership
|z United States
|v Case studies.
|
| 650 |
|
0 |
|a Environmental policy
|z United States
|x Decision making
|v Case studies.
|
| 650 |
|
0 |
|a Environmental management
|x Political aspects
|z United States
|v Case studies.
|
| 650 |
|
0 |
|a Presidents
|z United States
|v Case studies.
|
| 651 |
|
7 |
|a United States.
|2 fast
|0 (OCoLC)fst01204155
|
| 651 |
|
6 |
|a États-Unis
|x Politique et gouvernement
|v Études de cas.
|
| 651 |
|
0 |
|a United States
|x Politics and government
|v Case studies.
|
| 655 |
|
7 |
|a Case studies.
|2 fast
|0 (OCoLC)fst01423765
|
| 655 |
|
7 |
|a Electronic books.
|2 local
|
| 700 |
1 |
|
|a Sussman, Glen.
|
| 710 |
2 |
|
|a Project Muse.
|e distributor
|
| 830 |
|
0 |
|a Book collections on Project MUSE.
|
| 856 |
4 |
0 |
|z Texto completo
|u https://projectmuse.uam.elogim.com/book/22019/
|
| 945 |
|
|
|a Project MUSE - Custom Collection
|
| 945 |
|
|
|a Project MUSE - Archive Complete Supplement II
|
| 945 |
|
|
|a Project MUSE - Archive Political Science and Policy Studies Supplement II
|